| 000 | 01299nam a22002297a 4500 | ||
|---|---|---|---|
| 003 | OSt | ||
| 005 | 20180903094554.0 | ||
| 008 | 180220b xxu||||| |||| 00| 0 spa d | ||
| 020 | _a9505360428 | ||
| 040 | _cPJ | ||
| 100 |
_995 _aMorello, Augusto Mario |
||
| 245 | 1 | 3 |
_aLa prueba : _btendencias modernas / _cAugusto M. Morello. |
| 260 |
_aBuenos Aires : _cPlatense, _b1991. |
||
| 300 |
_a273 p. _c23 cm. |
||
| 500 | _aNotas y citas bibliográficas a pie de página. | ||
| 505 | _aContenido: El derecho a la prueba en el proceso civil – Gestión y evaluación de la prueba – Hacia una visión solidarista de la carga de la prueba – Prueba sorpresiva -- La responsabilidad civil de los profesionales liberales y la prueba de la culpa – El juez ante la prueba -- Soluciones en casos arduos. Interpretación maleable -- El abogado ante la sentencia definitiva que ha meritado erróneamente la prueba, o la ha omitido -- El abogado investigador -- La prueba desde la perspectiva del Derecho Procesal Constitucional -- La casación de Buenos Aires y la prueba -- La Corte Suprema y la prueba. | ||
| 650 | 0 |
_91148 _aDERECHO PROCESAL CIVIL |
|
| 650 | 0 |
_91971 _aMEDIOS DE PRUEBA |
|
| 650 | 0 |
_91975 _aPRUEBA |
|
| 650 | 0 |
_aFALLOS DE LA CORTE SUPREMA _9699 |
|
| 942 |
_2udc _cLIB _h347.94 _iMOR |
||
| 999 |
_c1317 _d1317 |
||